Bibliography on employment problems of older women; (Record no. 36855)

MARC details
000 -LEADER
fixed length control field 00759cam a22002291 4500
001 - CONTROL NUMBER
control field l 54000145
003 - CONTROL NUMBER IDENTIFIER
control field DLC
005 - DATE AND TIME OF LATEST TRANSACTION
control field 20260227111544.0
008 - FIXED-LENGTH DATA ELEMENTS--GENERAL INFORMATION
fixed length control field 740404s1954 xx 000 0 eng
010 ## - LIBRARY OF CONGRESS CONTROL NUMBER
LC control number l 54000145
035 ## - SYSTEM CONTROL NUMBER
System control number (OCoLC)848828
040 ## - CATALOGING SOURCE
Original cataloging agency DLC
Transcribing agency NhD
Modifying agency DLC
050 00 - LIBRARY OF CONGRESS CALL NUMBER
Classification number Z7963.E7
Item number U475
110 1# - MAIN ENTRY--CORPORATE NAME
Corporate name or jurisdiction name as entry element United States.
Subordinate unit Women's Bureau.
245 10 - TITLE STATEMENT
Title Bibliography on employment problems of older women;
Remainder of title hiring restrictions, psychological barriers, work performance
Statement of responsibility, etc. [by Jean A. Wells]
260 ## - PUBLICATION, DISTRIBUTION, ETC.
Place of publication, distribution, etc. Washington
Name of publisher, distributor, etc. [U.S. Govt. Print. Off.]
Date of publication, distribution, etc. 1954.
300 ## - PHYSICAL DESCRIPTION
Extent 89p.
Dimensions 24cm.
500 ## - GENERAL NOTE
General note Cover title.
504 ## - BIBLIOGRAPHY, ETC. NOTE
Bibliography, etc. note Bibliography: p. 89.
650 #0 - SUBJECT ADDED ENTRY--TOPICAL TERM
Topical term or geographic name entry element Older women
General subdivision Employment
Form subdivision Bibliography.
700 1# - ADDED ENTRY--PERSONAL NAME
Personal name Wells, Jean A.
Fuller form of name (Jean Alice),
Dates associated with a name 1918-

No items available.

Powered by Koha